000
00326 a2200145 4500
001
166810
020
_a
040
_c
Magnum
100
_a
Kaufman, Ana Maria
240
1
0
_a
Escola, leitura e producao de textos
_l
por
245
1
0
_a
Escola, leitura e producao de textos
362
0
_a
1899
697
_a
ENSINO
942
_c
BK
999
_c
166810
_d
166810